[Event "II liga SSCS 2015- zapad"]
[Site "Ravni Gaj"]
[Date "2015.10.09"]
[Round "8.1"]
[White "Muratovic, Efim"]
[Black "Tomic, Miroslav Lj"]
[Result "1-0"]
[WhiteElo "2369"]
[BlackElo "2154"]
[PlyCount "67"]
[EventDate "2015.09.04"]

1. Nf3 d5 2. g3 c6 3. Bg2 Nf6 4. O-O Bf5 5. d3 e6 6. c4 Nbd7 7. Nc3 Be7 8. cxd5
cxd5 9. Bf4 O-O 10. Rc1 a6 11. a3 Rc8 12. b4 b5 13. Qb3 Qb6 14. Be3 Qb7 15. Nd4
Bg6 16. Qa2 Nb6 17. Nb3 Nfd7 18. Nc5 Nxc5 19. bxc5 Nd7 20. Nxd5 exd5 21. c6 Qc7
22. cxd7 Qxd7 23. Bxd5 Bxa3 24. Qxa3 Qxd5 25. Rxc8 Rxc8 26. Qxa6 Bf5 27. Rb1
Bd7 28. Qb6 h5 29. Qd4 Qe6 30. Rc1 Ra8 31. Rc5 Qh3 32. Rg5 g6 33. Rd5 Bc6 34.
Bh6 1-0

[Event "II liga SSCS 2015- zapad"]
[Site "Ravni Gaj"]
[Date "2015.10.09"]
[Round "8.1"]
[White "Pecinar, Zoran"]
[Black "Vujovic, Radojica"]
[Result "1-0"]
[WhiteElo "2156"]
[BlackElo "2118"]
[PlyCount "109"]
[EventDate "2015.09.04"]

1. c4 Nf6 2. Nc3 d5 3. cxd5 Nxd5 4. Nf3 g6 5. g3 Bg7 6. Bg2 c6 7. O-O O-O 8. d4
Nd7 9. e4 Nc7 10. Qc2 Nb6 11. Rd1 Bg4 12. Qd3 Qc8 13. a4 Rd8 14. Be3 Nd7 15.
Qc2 Nf6 16. Rac1 Na6 17. Qb3 Ne8 18. d5 c5 19. h3 c4 20. Qa3 Bxf3 21. Bxf3 Bf8
22. Nb5 Qxh3 23. Rxc4 h5 24. e5 Qf5 25. Bf4 Rac8 26. Nd4 Qh3 27. Rdc1 Rxc4 28.
Rxc4 h4 29. Qd3 hxg3 30. Bxg3 Ng7 31. b4 Nb8 32. Qe4 Nh5 33. Bh2 Ng7 34. Rc7
Qh6 35. Rxb7 Rc8 36. Bf4 g5 37. Be3 Qa6 38. Rxb8 Rxb8 39. Nc6 Re8 40. b5 Qc8
41. Bg4 f5 42. exf6 exf6 43. Bxc8 Rxe4 44. a5 Ne8 45. b6 axb6 46. axb6 Ra4 47.
b7 Bd6 48. Bc5 Ra1+ 49. Kg2 Bc7 50. Be3 Kg7 51. b8=Q Bxb8 52. Nxb8 Nc7 53. Nd7
Rd1 54. Nb6 f5 55. Bxf5 1-0

[Event "II liga SSCS 2015- zapad"]
[Site "Ravni Gaj"]
[Date "2015.10.09"]
[Round "8.1"]
[White "Milovanovic, Pantelija"]
[Black "Knezevic, Veljko"]
[Result "1/2-1/2"]
[WhiteElo "2110"]
[BlackElo "2019"]
[PlyCount "40"]
[EventDate "2015.09.04"]

1. e4 c5 2. Nf3 Nc6 3. c3 d5 4. exd5 Qxd5 5. d4 Nf6 6. Be2 e6 7. Na3 cxd4 8.
Nb5 Qd8 9. Nbxd4 Bd7 10. Nb5 a6 11. Nd6+ Bxd6 12. Qxd6 Qe7 13. Bf4 Nd5 14. Bg3
O-O 15. Qxe7 Ncxe7 16. Ne5 Be8 17. Nd3 Nf5 18. c4 Nxg3 19. hxg3 Ne7 20. Ne5 Nc6
1/2-1/2

[Event "II liga SSCS 2015- zapad"]
[Site "Ravni Gaj"]
[Date "2015.10.09"]
[Round "8.1"]
[White "Zivanic, Slobodan"]
[Black "Paramentic, Mila"]
[Result "1/2-1/2"]
[WhiteElo "2201"]
[BlackElo "1915"]
[PlyCount "64"]
[EventDate "2015.09.04"]

1. e4 e5 2. Nf3 Nc6 3. Bb5 a6 4. Ba4 Nf6 5. O-O Be7 6. Re1 b5 7. Bb3 O-O 8. a4
Bb7 9. c3 d6 10. d3 Na5 11. Bc2 c5 12. Nbd2 Re8 13. Nf1 Qc7 14. Ng3 g6 15. Bg5
Nd7 16. Bxe7 Rxe7 17. Qd2 f6 18. h4 Nf8 19. h5 Ne6 20. b4 cxb4 21. cxb4 Nc6 22.
Bb3 bxa4 23. Rxa4 Kg7 24. Bc4 Ncd4 25. Nxd4 Nxd4 26. h6+ Kf8 27. Rea1 Qb6 28.
Qe3 Qc6 29. R1a2 Nb5 30. Ra1 Nd4 31. R1a2 Nb5 32. Ra1 Nd4 1/2-1/2

[Event "II liga SSCS 2015- zapad"]
[Site "Ravni Gaj"]
[Date "2015.10.09"]
[Round "8.1"]
[White "Jovanovic, Stefan"]
[Black "Pavkov, Nebojsa"]
[Result "0-1"]
[WhiteElo "1593"]
[BlackElo "2245"]
[PlyCount "56"]
[EventDate "2015.09.04"]

1. e4 Nf6 2. e5 Nd5 3. c4 Nb6 4. d4 d6 5. exd6 cxd6 6. Nc3 g6 7. Nf3 Bg7 8. Be2
Nc6 9. Be3 O-O 10. h3 Bf5 11. O-O d5 12. c5 Nc4 13. Bxc4 dxc4 14. g4 Bd3 15.
Ne2 f5 16. Ne1 f4 17. Nxf4 Bxf1 18. Kxf1 Nxd4 19. Qa4 e5 20. Qxc4+ Kh8 21. Ne6
Nxe6 22. Qxe6 Qh4 23. Kg2 Rae8 24. Qb3 e4 25. Nc2 Rf3 26. Rh1 Ref8 27. Rf1
Qxh3+ 28. Kg1 Rg3+ 0-1

[Event "II liga SSCS 2015- zapad"]
[Site "Ravni Gaj"]
[Date "2015.10.09"]
[Round "8.2"]
[White "Vujic, Mihailo"]
[Black "Bojovic, Dusan"]
[Result "1-0"]
[WhiteElo "2316"]
[BlackElo "2275"]
[PlyCount "81"]
[EventDate "2015.09.04"]

1. e4 c5 2. Nf3 g6 3. c3 Bg7 4. d4 cxd4 5. Bc4 Nc6 6. cxd4 d6 7. O-O Nf6 8. d5
Ne5 9. Nxe5 dxe5 10. Bb5+ Bd7 11. Bxd7+ Qxd7 12. Nc3 O-O 13. Bg5 b5 14. Bxf6
Bxf6 15. Qb3 Rab8 16. Rfd1 Rfc8 17. Rd3 Qd6 18. Rad1 a6 19. Nb1 Rc4 20. Nd2
Rbc8 21. Nxc4 bxc4 22. Qc2 Kg7 23. Rc3 Qb4 24. g3 Bg5 25. Kg2 a5 26. Rf1 h5 27.
f4 Bf6 28. f5 a4 29. fxg6 fxg6 30. h4 Qb6 31. Qxa4 Qxb2+ 32. Qc2 Qxc2+ 33. Rxc2
Ra8 34. Rb1 Ra4 35. Rb7 Kh6 36. d6 exd6 37. Rf2 Bg7 38. Rff7 Rxa2+ 39. Kh3 g5
40. hxg5+ Kxg5 41. Rxg7+ 1-0

[Event "II liga SSCS 2015- zapad"]
[Site "Ravni Gaj"]
[Date "2015.10.09"]
[Round "8.2"]
[White "Toth, Aleksandar"]
[Black "Tojagic, Dane"]
[Result "1-0"]
[WhiteElo "2326"]
[BlackElo "2271"]
[PlyCount "55"]
[EventDate "2015.09.04"]

1. e4 e5 2. Bc4 Nf6 3. d3 Nc6 4. Nf3 Be7 5. O-O O-O 6. Re1 d6 7. a4 h6 8. a5 a6
9. c3 Re8 10. Qb3 Rf8 11. Nbd2 b5 12. axb6 cxb6 13. Qc2 Bb7 14. Nf1 b5 15. Ba2
Qc7 16. Ne3 Rfe8 17. Qe2 Bf8 18. Nh4 Nd8 19. Qf3 Ne6 20. Nef5 Qd8 21. Ng6 d5
22. Nxe5 dxe4 23. dxe4 Kh7 24. Nxf7 Qc7 25. N5xh6 Nc5 26. Ng5+ Kxh6 27. Ne6+
Kh7 28. Qh3+ 1-0

[Event "II liga SSCS 2015- zapad"]
[Site "Ravni Gaj"]
[Date "2015.10.09"]
[Round "8.2"]
[White "Markovic, Dragan P"]
[Black "Jovanovic, Miroslav O"]
[Result "1/2-1/2"]
[WhiteElo "2216"]
[BlackElo "2091"]
[PlyCount "51"]
[EventDate "2015.09.04"]

1. e4 c5 2. c3 d5 3. exd5 Qxd5 4. d4 Nf6 5. Nf3 e6 6. Be2 Nbd7 7. c4 Qc6 8. O-O
a6 9. Nc3 cxd4 10. Nxd4 Qc7 11. Bg5 Be7 12. Bh4 O-O 13. Bg3 Qb6 14. Nb3 Nc5 15.
Nxc5 Qxc5 16. Qb3 Qb4 17. Qc2 Bd7 18. a3 Qb6 19. b4 Rae8 20. c5 Qa7 21. Qb3 b6
22. cxb6 Qxb6 23. Rac1 Bc6 24. Na4 Qb7 25. f3 Nd5 26. Bf2 1/2-1/2

[Event "II liga SSCS 2015- zapad"]
[Site "Ravni Gaj"]
[Date "2015.10.09"]
[Round "8.2"]
[White "Simic, Goran S"]
[Black "Radenkovic, Aleksa"]
[Result "0-1"]
[WhiteElo "2077"]
[BlackElo "1947"]
[PlyCount "82"]
[EventDate "2015.09.04"]

1. d4 d5 2. Nf3 c6 3. e3 Nf6 4. Bd3 Bg4 5. c4 e6 6. Qb3 Qc7 7. Ne5 Bh5 8. cxd5
cxd5 9. Nc3 a6 10. Bd2 Nbd7 11. Nxd7 Nxd7 12. Rc1 Qb6 13. Na4 Qxb3 14. axb3 Bd6
15. Nc5 Bxc5 16. dxc5 Ne5 17. Be2 Bxe2 18. Kxe2 O-O 19. Bc3 Nc6 20. Rhd1 Rfd8
21. Rd2 Rd7 22. f4 f6 23. Rcd1 Rad8 24. Kf2 e5 25. fxe5 fxe5 26. Re2 d4 27.
exd4 exd4 28. Bd2 Rd5 29. b4 Ne5 30. Bf4 Rf8 31. Kg3 Nc6 32. Re4 h5 33. h4 d3
34. Bd6 Rf6 35. Rd2 Rf7 36. Kh3 Rf1 37. Re8+ Kh7 38. Re3 Nxb4 39. Be5 Rxc5 40.
Bc3 Nd5 41. Rexd3 Nf4+ 0-1

[Event "II liga SSCS 2015- zapad"]
[Site "Ravni Gaj"]
[Date "2015.10.09"]
[Round "8.2"]
[White "Djukic, Sinisa"]
[Black "Osatovic, Aleksandar"]
[Result "1-0"]
[WhiteElo "1999"]
[BlackElo "2127"]
[PlyCount "97"]
[EventDate "2015.09.04"]

1. d4 d5 2. c4 e6 3. Nf3 Nf6 4. Bg5 Be7 5. Nc3 O-O 6. e3 h6 7. Bh4 b6 8. cxd5
Nxd5 9. Bxe7 Qxe7 10. Qb3 Bb7 11. Be2 Nd7 12. O-O c5 13. Rac1 cxd4 14. exd4 Nf4
15. g3 Nxe2+ 16. Nxe2 Nf6 17. Ne5 Qd6 18. Rfd1 Rfd8 19. a3 Rac8 20. Qa4 a6 21.
Qb3 Rxc1 22. Rxc1 Nd7 23. Nxd7 Rxd7 24. f3 a5 25. Kf2 Ba6 26. Rd1 e5 27. d5
Qc5+ 28. Qe3 Qxe3+ 29. Kxe3 Bxe2 30. Kxe2 Kf8 31. Ke3 f6 32. Ke4 Ke7 33. Rc1 g6
34. Rc6 Rd6 35. Rc7+ Rd7 36. Rc8 Rb7 37. Rc6 b5 38. b3 a4 39. b4 h5 40. g4 hxg4
41. fxg4 Kf7 42. h4 Ke7 43. g5 fxg5 44. hxg5 Kf7 45. Rf6+ Kg7 46. Kxe5 Re7+ 47.
Kd4 Re1 48. d6 Rc1 49. Kd5 1-0

[Event "II liga SSCS 2015- zapad"]
[Site "Ravni Gaj"]
[Date "2015.10.09"]
[Round "8.2"]
[White "Djukic, Sasa"]
[Black "Trifunovic, Novica"]
[Result "1-0"]
[WhiteElo "1978"]
[BlackElo "1679"]
[PlyCount "73"]
[EventDate "2015.09.04"]

1. d4 d5 2. c4 e6 3. Nc3 Bb4 4. Nf3 Nf6 5. Bg5 Bxc3+ 6. bxc3 h6 7. Bxf6 Qxf6 8.
e3 Nd7 9. h3 O-O 10. Rb1 b6 11. cxd5 exd5 12. Bd3 c5 13. O-O Qd6 14. Re1 Nf6
15. Nd2 Bd7 16. Rc1 c4 17. Bb1 b5 18. Qf3 b4 19. e4 dxe4 20. Nxe4 Nxe4 21. Qxe4
f5 22. Qe7 Qxe7 23. Rxe7 Rfd8 24. cxb4 Bb5 25. a4 Bxa4 26. Rxc4 Bb3 27. Rcc7
Rxd4 28. Rxg7+ Kf8 29. Bxf5 Bg8 30. b5 Rd6 31. Rxa7 Rb8 32. Rgb7 Re8 33. Rd7
Rf6 34. g4 h5 35. Ra6 Rf7 36. Rxf7+ Bxf7 37. Rd6 1-0

[Event "II liga SSCS 2015- zapad"]
[Site "Ravni Gaj"]
[Date "2015.10.09"]
[Round "8.3"]
[White "Sandic, Vladeta"]
[Black "Bzenic, Dejan"]
[Result "1-0"]
[WhiteElo "2335"]
[BlackElo "2315"]
[PlyCount "89"]
[EventDate "2015.09.04"]

1. d4 f5 2. Nf3 Nf6 3. g3 g6 4. Bg2 Bg7 5. O-O O-O 6. c4 d6 7. Nc3 c6 8. Qc2
Qc7 9. b3 e5 10. dxe5 dxe5 11. e4 fxe4 12. Ng5 Bf5 13. Ngxe4 Nbd7 14. Ba3 Rfe8
15. Qe2 Nxe4 16. Nxe4 Qa5 17. Bb2 Bxe4 18. Qxe4 Nc5 19. Qe3 Ne6 20. Bc3 Qc7 21.
Be4 a6 22. Rad1 Rad8 23. h4 Nd4 24. Kg2 Qe7 25. Rfe1 Kh8 26. Bxg6 hxg6 27. Bxd4
Qf7 28. Bxe5 Rxd1 29. Bxg7+ Kxg7 30. Qc3+ Kh7 31. Rxd1 Re2 32. Qf3 Qxf3+ 33.
Kxf3 Rxa2 34. Rd7+ Kh6 35. Rxb7 Rb2 36. g4 g5 37. h5 a5 38. Rb6 Kh7 39. c5 Kg7
40. Ke3 Rc2 41. Rxc6 Rc3+ 42. Ke4 Rxb3 43. Kf5 Rf3+ 44. Kxg5 Rxf2 45. Ra6 1-0

[Event "II liga SSCS 2015- zapad"]
[Site "Ravni Gaj"]
[Date "2015.10.09"]
[Round "8.3"]
[White "Aleksic, Milan"]
[Black "Mladenovic, Sasa D"]
[Result "1-0"]
[WhiteElo "2246"]
[BlackElo "2234"]
[PlyCount "97"]
[EventDate "2015.09.04"]

1. e4 e6 2. d4 d5 3. Nc3 Nf6 4. e5 Nfd7 5. f4 c5 6. Nf3 Nc6 7. Be3 cxd4 8. Nxd4
Nxd4 9. Bxd4 Nb8 10. Qd2 Bd7 11. a3 Nc6 12. Bf2 Be7 13. Bd3 O-O 14. O-O Rc8 15.
Nb5 a6 16. Nd4 Nxd4 17. Bxd4 f5 18. exf6 Bxf6 19. Qe3 Bxd4 20. Qxd4 Qf6 21. Qe3
Rc6 22. c3 Be8 23. Qg3 Rb6 24. Rab1 Bb5 25. h3 Bxd3 26. Qxd3 Qf5 27. Qe3 Rc6
28. Rbe1 Rf6 29. Qa7 Rc4 30. Qxb7 Rxf4 31. Qb8+ Kf7 32. Qc7+ Kg8 33. Rxf4 Qxf4
34. Qxf4 Rxf4 35. Rxe6 Ra4 36. Rd6 Ra5 37. Rd7 Rb5 38. b4 a5 39. a4 Rb8 40. b5
Rc8 41. b6 Rb8 42. b7 h6 43. h4 h5 44. Kf2 Kh7 45. Ke3 Kg6 46. Kd4 Kf6 47. Kxd5
g5 48. hxg5+ Kxg5 49. c4 1-0

[Event "II liga SSCS 2015- zapad"]
[Site "Ravni Gaj"]
[Date "2015.10.09"]
[Round "8.3"]
[White "Stojkovic, Predrag S"]
[Black "Markovic, Sasa"]
[Result "1/2-1/2"]
[WhiteElo "2209"]
[BlackElo "2116"]
[PlyCount "108"]
[EventDate "2015.09.04"]

1. d4 Nf6 2. c4 e6 3. Nf3 Bb4+ 4. Nbd2 b6 5. g3 Bb7 6. Bg2 O-O 7. O-O Bxd2 8.
Qxd2 Ne4 9. Qc2 f5 10. b3 d6 11. Ng5 Qe7 12. Nxe4 fxe4 13. Bxe4 Bxe4 14. Qxe4
Nd7 15. Bb2 a5 16. Qd3 Rf7 17. e4 e5 18. f4 exf4 19. Rxf4 Re8 20. Re1 Qe6 21.
Qf3 Rfe7 22. Rf1 Qg6 23. Re1 h6 24. a3 Kh8 25. b4 axb4 26. axb4 Kg8 27. d5 Ne5
28. Bxe5 Rxe5 29. Qd3 R5e7 30. Qd4 Re5 31. Kg2 R5e7 32. h3 Re5 33. Rg4 Qh5 34.
Re3 R8e7 35. c5 bxc5 36. bxc5 Qe8 37. cxd6 cxd6 38. Rf4 Qg6 39. Qa4 Kh7 40. Rg4
Qf7 41. Rf3 Qg8 42. Qb4 Qd8 43. Rgf4 Qc7 44. Rc3 Qd8 45. Rc6 Rd7 46. Qc4 Qe7
47. Qb4 g5 48. Rf2 Rxe4 49. Rf7+ Qxf7 50. Qxe4+ Kg7 51. Qe6 Qxe6 52. dxe6 Rd8
53. e7 Re8 54. Rxd6 Rxe7 1/2-1/2

[Event "II liga SSCS 2015- zapad"]
[Site "Ravni Gaj"]
[Date "2015.10.09"]
[Round "8.3"]
[White "Zivanovic, Blagoje"]
[Black "Bojic, Zoran"]
[Result "1-0"]
[WhiteElo "1948"]
[BlackElo "2104"]
[PlyCount "197"]
[EventDate "2015.09.04"]

1. e4 c5 2. c4 e6 3. Nc3 b6 4. g3 Bb7 5. Bg2 a6 6. Nge2 d6 7. d3 Nd7 8. Rb1 Qc7
9. a3 Ngf6 10. h3 Be7 11. Be3 Rb8 12. b4 O-O 13. O-O Rfd8 14. b5 a5 15. Bf4 Nf8
16. g4 N6d7 17. Bg3 Bf6 18. f4 g6 19. Kh2 Re8 20. Qd2 Qd8 21. f5 e5 22. Bf2 Bg5
23. Be3 h6 24. Ng1 Nh7 25. Nf3 Bxe3 26. Qxe3 g5 27. Nd5 Kg7 28. Kg3 Rh8 29. h4
f6 30. Rh1 Bxd5 31. exd5 Qe7 32. Rh2 Rbe8 33. Nd2 gxh4+ 34. Rxh4 Ng5 35. Ne4
Rh7 36. Rbh1 Reh8 37. Rh5 Nf7 38. Qg1 Ng5 39. R5h2 Rg8 40. Bf3 Rgh8 41. Kf2 Rg8
42. Qg3 Rgh8 43. Qh4 Nf8 44. a4 Nf7 45. Qh5 Ng5 46. Qh4 Nd7 47. Qg3 Nf7 48. Rh4
Ng5 49. Qh2 Nf8 50. Ng3 Nf7 51. Nh5+ Kg8 52. Re1 Nd7 53. Nf4 Ng5 54. Ng6 Qg7
55. Rh1 Nf7 56. Be4 Nb8 57. Qg3 Nd7 58. R4h2 Ng5 59. Qh4 Nf7 60. Qh5 Nb8 61.
Nxh8 Rxh8 62. Qg6 Nd7 63. Rh4 Nf8 64. Qh5 Qg5 65. Qxg5+ fxg5 66. R4h3 Kg7 67.
f6+ Kxf6 68. Rf3+ Kg7 69. Kg3 Nd7 70. Rhf1 Rf8 71. Bf5 e4 72. Bxe4 Nfe5 73.
Rxf8 Nxf8 74. Bf5 Nfd7 75. Bxd7 Nxd7 76. Rf5 Ne5 77. Rxe5 dxe5 78. Kf3 Kf7 79.
Ke3 Ke7 80. Ke4 Kf6 81. d6 Ke6 82. d7 Kxd7 83. Kf5 Kd6 84. Kg6 e4 85. dxe4 Ke5
86. Kxh6 Kf4 87. e5 Kxe5 88. Kxg5 Kd4 89. Kf5 Kxc4 90. g5 Kb4 91. g6 Kxa4 92.
g7 Kxb5 93. g8=Q Kb4 94. Ke4 c4 95. Kd4 b5 96. Qg3 Ka4 97. Kc5 c3 98. Qxc3 b4
99. Qd3 1-0

[Event "II liga SSCS 2015- zapad"]
[Site "Ravni Gaj"]
[Date "2015.10.09"]
[Round "8.3"]
[White "Zivanovic, Bojan"]
[Black "Zajic, Milun"]
[Result "1/2-1/2"]
[WhiteElo "2070"]
[BlackElo "2037"]
[PlyCount "143"]
[EventDate "2015.09.04"]

1. e4 d5 2. exd5 Qxd5 3. Nc3 Qd6 4. d4 Nf6 5. Nf3 c6 6. g3 Bg4 7. Bg2 e6 8. O-O
Qc7 9. Ne2 Nbd7 10. Be3 Be7 11. h3 Bh5 12. Nf4 Bg6 13. Nxg6 hxg6 14. c4 Nb6 15.
Qb3 O-O 16. Bf4 Qd7 17. Rfd1 Rfd8 18. a4 Nh5 19. Be3 Qc7 20. Ne5 Nd7 21. Nxd7
Rxd7 22. a5 Rad8 23. Qa4 Rc8 24. b4 Nf6 25. Rdc1 a6 26. b5 cxb5 27. cxb5 Qd8
28. bxa6 bxa6 29. Bf1 Rxc1 30. Rxc1 Rd5 31. Bxa6 Rxa5 32. Qc6 Nd5 33. Qc8 Nxe3
34. fxe3 Kh7 35. Qxd8 Bxd8 36. Bc4 Ra3 37. Re1 Rc3 38. Bf1 g5 39. Kg2 Bb6 40.
Kf2 Kg6 41. Rd1 Kf5 42. Bd3+ Kf6 43. Be2 Ke7 44. Rd3 Rc2 45. Rb3 Bc7 46. g4 Rc1
47. Bf3 Ba5 48. Rb7+ Kf6 49. Be2 Be1+ 50. Kf3 Ba5 51. Kf2 Bc7 52. Bf3 Bd6 53.
Rb6 Rc2+ 54. Be2 Ke7 55. Rb7+ Bc7 56. Rb5 Kf6 57. Rc5 Rxc5 58. dxc5 Ke5 59. Bf3
g6 60. Ke2 f5 61. gxf5 gxf5 62. Kd3 Ba5 63. c6 Bb6 64. Bg2 Kd6 65. Bh1 e5 66.
Bg2 e4+ 67. Bxe4 fxe4+ 68. Kxe4 Ke6 69. Kf3 Kf5 70. e4+ Ke5 71. Kg4 Bd8 72. c7
1/2-1/2

[Event "II liga SSCS 2015- zapad"]
[Site "Ravni Gaj"]
[Date "2015.10.09"]
[Round "8.3"]
[White "Zivanovic, Miroslav"]
[Black "Novakovic, Slobodan"]
[Result "0-1"]
[WhiteElo "2002"]
[BlackElo "2138"]
[PlyCount "78"]
[EventDate "2015.09.04"]

1. e4 d6 2. c4 Nf6 3. Nc3 g6 4. g3 Bg7 5. Bg2 O-O 6. d3 e5 7. Nge2 Nbd7 8. O-O
c6 9. Rb1 a6 10. a4 Nh5 11. Be3 f5 12. exf5 gxf5 13. f4 Qe8 14. Qd2 Qg6 15. b4
Ndf6 16. d4 Ng4 17. dxe5 dxe5 18. Bc5 Re8 19. Bd6 e4 20. c5 Nh6 21. Rfd1 Nf7
22. Qe3 Be6 23. Nd4 Bc4 24. Bh3 Nh6 25. a5 Nf6 26. Nce2 Qh5 27. Kg2 Nfg4 28.
Bxg4 Nxg4 29. Qg1 e3 30. h3 Nf2 31. Nc3 Qxh3+ 32. Kf3 Nxd1 33. Rxd1 Qg4+ 34.
Kg2 h5 35. Qe1 h4 36. Nce2 hxg3 37. Nxg3 e2 38. Rd2 Bd5+ 39. Kg1 Qxg3+ 0-1

[Event "II liga SSCS 2015- zapad"]
[Site "Ravni Gaj"]
[Date "2015.10.09"]
[Round "8.3"]
[White "Milanovic, Predrag"]
[Black "Djokovic, Ivan"]
[Result "1/2-1/2"]
[WhiteElo "2145"]
[BlackElo "2153"]
[PlyCount "78"]
[EventDate "2015.09.04"]

1. d4 Nf6 2. Nf3 e6 3. c4 b6 4. e3 Bb7 5. Be2 Bb4+ 6. Nbd2 O-O 7. O-O d5 8. a3
Be7 9. b4 c6 10. Bb2 Nbd7 11. c5 Re8 12. Qc2 Bf8 13. h3 g6 14. Bd3 Nh5 15. Rfe1
f5 16. Ne5 Rc8 17. Ndf3 Nhf6 18. Rec1 Nxe5 19. Nxe5 Nd7 20. Nf3 Qc7 21. Qd2 Qb8
22. Rab1 b5 23. Ne5 Qc7 24. Bc3 Bg7 25. Qb2 Rf8 26. f3 Nxe5 27. dxe5 Rf7 28.
Re1 Rcf8 29. f4 Bh6 30. Rf1 Qe7 31. Qf2 Rc8 32. g4 Rc7 33. g5 Bf8 34. h4 h6 35.
Kg2 Rh7 36. Rh1 h5 37. Bd4 Qe8 38. a4 a6 39. axb5 axb5 1/2-1/2

[Event "II liga SSCS 2015- zapad"]
[Site "Ravni Gaj"]
[Date "2015.10.09"]
[Round "8.3"]
[White "Markovic, Miroslav R"]
[Black "Stevanovic, Milos"]
[Result "1-0"]
[WhiteElo "2080"]
[BlackElo "1630"]
[PlyCount "155"]
[EventDate "2015.09.04"]

1. d4 Nf6 2. c4 g6 3. Nc3 d5 4. Nf3 Bg7 5. h3 O-O 6. e3 b6 7. cxd5 Nxd5 8. Be2
Bb7 9. O-O Nd7 10. Bc4 Nxc3 11. bxc3 c5 12. Bb2 Rc8 13. Rc1 e5 14. Qe2 Re8 15.
Rfd1 Qe7 16. Bb5 Bc6 17. Bxc6 Rxc6 18. d5 Rd6 19. c4 e4 20. Nh2 f5 21. a4 Bxb2
22. Qxb2 Ne5 23. Rc2 Nd3 24. Qb3 Rf8 25. Nf1 g5 26. Ng3 f4 27. exf4 gxf4 28.
Nxe4 Qxe4 29. Qxd3 Qg6 30. Qxg6+ hxg6 31. Re1 Rf7 32. f3 Kg7 33. Rce2 Kf6 34.
Kf2 Rb7 35. Re4 g5 36. h4 a6 37. hxg5+ Kxg5 38. Re5+ Kf6 39. Rh5 Kg6 40. Reh1
Rbd7 41. R1h4 b5 42. Rh6+ Kg7 43. Rxd6 Rxd6 44. axb5 axb5 45. cxb5 Rxd5 46.
Rxf4 Rd2+ 47. Ke3 Rb2 48. Rc4 Rxb5 49. Ke4 Kf6 50. f4 Rb2 51. g4 Re2+ 52. Kf3
Ra2 53. Rxc5 Ra3+ 54. Ke4 Ra4+ 55. Ke3 Ra3+ 56. Kd4 Rg3 57. Rc6+ Kf7 58. g5 Rf3
59. Ke4 Ra3 60. f5 Ra4+ 61. Kd5 Ra5+ 62. Rc5 Ra7 63. Kd6 Ra6+ 64. Rc6 Ra1 65.
Rc7+ Kf8 66. g6 Rd1+ 67. Ke6 Re1+ 68. Kf6 Re8 69. Rh7 Kg8 70. Rh4 Rf8+ 71. Kg5
Ra8 72. Rd4 Ra5 73. Rd8+ Kg7 74. Rd7+ Kg8 75. Kh6 Rxf5 76. Rd8+ Rf8 77. Rxf8+
Kxf8 78. Kh7 1-0

[Event "II liga SSCS 2015- zapad"]
[Site "Ravni Gaj"]
[Date "2015.10.09"]
[Round "8.4"]
[White "Kotlaja, Nikola"]
[Black "Misic, Dragan"]
[Result "0-1"]
[WhiteElo "1632"]
[BlackElo "2250"]
[PlyCount "52"]
[EventDate "2015.09.04"]

1. c4 Nf6 2. Nc3 c6 3. d4 d5 4. Nf3 e6 5. Bg5 Be7 6. e3 Nbd7 7. c5 h6 8. Bh4 b5
9. b4 a5 10. a3 Ne4 11. Nxe4 dxe4 12. Bxe7 Qxe7 13. Nd2 f5 14. Be2 axb4 15.
axb4 Rxa1 16. Qxa1 Nf6 17. O-O O-O 18. f3 Nd5 19. fxe4 Nxe3 20. Rf3 Nxg2 21.
Qc3 Nh4 22. Rg3 f4 23. Rg4 e5 24. Rxh4 exd4 25. Qb3+ Be6 26. Bc4 bxc4 0-1

[Event "II liga SSCS 2015- zapad"]
[Site "Ravni Gaj"]
[Date "2015.10.09"]
[Round "8.4"]
[White "Stojanovic, Dobrisav"]
[Black "Bojanic, Bratislav"]
[Result "1/2-1/2"]
[WhiteElo "2298"]
[BlackElo "2242"]
[PlyCount "27"]
[EventDate "2015.09.04"]

1. d4 Nf6 2. c4 c5 3. d5 b5 4. Nd2 bxc4 5. e4 d6 6. Bxc4 g6 7. Ne2 Bg7 8. O-O
O-O 9. Re1 e6 10. Nc3 exd5 11. exd5 Nbd7 12. Bb5 Rb8 13. Nc4 Nb6 14. Nxb6
1/2-1/2

[Event "II liga SSCS 2015- zapad"]
[Site "Ravni Gaj"]
[Date "2015.10.09"]
[Round "8.4"]
[White "Drcelic, Sreten"]
[Black "Zivkovic, Dejan"]
[Result "1/2-1/2"]
[WhiteElo "2254"]
[BlackElo "2291"]
[PlyCount "142"]
[EventDate "2015.09.04"]

1. Nf3 Nf6 2. g3 b5 3. Bg2 Bb7 4. O-O e6 5. d3 Be7 6. c3 c5 7. Qb3 a6 8. a4 b4
9. cxb4 cxb4 10. a5 d5 11. Be3 Nc6 12. Bb6 Qd6 13. Nd4 Nd7 14. Nxc6 Bxc6 15.
Be3 O-O 16. Rc1 Rac8 17. Qd1 Bb5 18. Nd2 Bf6 19. Qb3 Be7 20. Nf3 e5 21. Ne1 d4
22. Bd2 Nc5 23. Qd1 Qe6 24. Bxb4 Rfe8 25. Bxc5 Rxc5 26. Rxc5 Bxc5 27. Nf3 Bb4
28. Nd2 Rc8 29. h4 Rc7 30. Kh2 g6 31. Ne4 h6 32. Rc1 Rxc1 33. Qxc1 Kg7 34. Qc7
Qe7 35. Qxe7 Bxe7 36. Nd2 f5 37. Bd5 Bb4 38. Nc4 Bxc4 39. Bxc4 Bxa5 40. Bxa6
Bc3 41. b3 Bd2 42. Bb7 Kf6 43. Kg2 h5 44. Bc6 Be1 45. Be8 Bd2 46. Kf3 Be1 47.
e3 dxe3 48. Kxe3 Bc3 49. Ke2 Bb4 50. Kf1 Bc5 51. Kg2 e4 52. dxe4 fxe4 53. Kf1
Kf5 54. Ke2 Kf6 55. f3 exf3+ 56. Kxf3 g5 57. Bxh5 gxh4 58. gxh4 Kg7 59. Bg4 Be7
60. h5 Kh6 61. Ke4 Kg7 62. Kd5 Ba3 63. Kc4 Be7 64. b4 Bxb4 65. Kxb4 Kh8 66. Kc5
Kg7 67. Kd5 Kh8 68. Ke6 Kg7 69. Kf5 Kh8 70. Kg6 Kg8 71. h6 Kh8 1/2-1/2

[Event "II liga SSCS 2015- zapad"]
[Site "Ravni Gaj"]
[Date "2015.10.09"]
[Round "8.4"]
[White "Kojic, Djordje"]
[Black "Novakovic, Miroslav"]
[Result "1/2-1/2"]
[WhiteElo "1915"]
[BlackElo "2052"]
[PlyCount "45"]
[EventDate "2015.09.04"]

1. d4 d5 2. c4 e6 3. Nc3 Nf6 4. Bg5 Be7 5. e3 O-O 6. Nf3 Nbd7 7. Rc1 c6 8. Bd3
Re8 9. O-O Nf8 10. Ne5 N6d7 11. Bxe7 Qxe7 12. Nxd7 Bxd7 13. a3 b6 14. b4 a5 15.
Qb3 Reb8 16. cxd5 cxd5 17. b5 Rc8 18. Rc2 f5 19. Rfc1 Qd6 20. Ne2 Rxc2 21. Rxc2
Rc8 22. Nf4 Ng6 23. Nxg6 1/2-1/2

[Event "II liga SSCS 2015- zapad"]
[Site "Ravni Gaj"]
[Date "2015.10.09"]
[Round "8.5"]
[White "Mirkovic, Stevan"]
[Black "Ljubinkovic, Miodrag"]
[Result "1-0"]
[WhiteElo "2328"]
[BlackElo "2256"]
[PlyCount "60"]
[EventDate "2015.09.04"]

1. Nf3 Nf6 2. c4 c6 3. Nc3 d5 4. d4 e6 5. Bg5 Be7 6. e3 O-O 7. Qc2 h6 8. Bh4
Nbd7 9. Rd1 dxc4 10. Bxc4 Nd5 11. Bxe7 Qxe7 12. O-O N5b6 13. Bb3 a5 14. a3 Nd5
15. e4 Nxc3 16. Qxc3 g6 17. Rfe1 Qf6 18. e5 Qe7 19. Nd2 Kg7 20. Ne4 Nb6 21. Qg3
a4 22. Ba2 Nd5 23. h4 Rg8 24. Rd3 Kf8 25. Rf3 Ke8 26. Nd6+ Kf8 27. Rxf7+ Qxf7
28. Nxf7 Kxf7 29. Re4 Ne7 30. Qf4+ Ke8 1-0

[Event "II liga SSCS 2015- zapad"]
[Site "Ravni Gaj"]
[Date "2015.10.09"]
[Round "8.5"]
[White "Djuric, Zoran"]
[Black "Gavrilovic, Leonardo"]
[Result "1-0"]
[WhiteElo "2215"]
[BlackElo "2207"]
[PlyCount "101"]
[EventDate "2015.09.04"]

1. e4 Nf6 2. Nc3 d5 3. e5 Nfd7 4. d4 e6 5. f4 c5 6. Nf3 Nc6 7. Ne2 cxd4 8.
Nexd4 Be7 9. c3 Nc5 10. Bd3 f6 11. Be3 fxe5 12. Nxc6 Nxd3+ 13. Qxd3 e4 14. Nxd8
exd3 15. Nxb7 Bxb7 16. O-O-O O-O 17. Rhf1 Bd6 18. g3 h6 19. h4 a5 20. Rf2 a4
21. Rxd3 Ba6 22. Rd1 Bc4 23. a3 Rab8 24. Bd4 Rb7 25. Re1 Re8 26. Be5 Bc5 27.
Rd2 Ba2 28. Bd4 Bd6 29. Rde2 Rbe7 30. Nd2 Kf7 31. Kc2 Rc8 32. Be5 Bxe5 33. Rxe5
d4 34. f5 dxc3 35. bxc3 Rec7 36. fxe6+ Bxe6 37. R1e3 Rc6 38. Ra5 Bd7 39. Ra7
R6c7 40. Rxc7 Rxc7 41. c4 Bf5+ 42. Kc3 Rb7 43. c5 Rb5 44. Kd4 Be6 45. Nc4 Ke7
46. Nb6 Ra5 47. c6 Rb5 48. Rxe6+ Kxe6 49. c7 Rxb6 50. c8=Q+ Kd6 51. Qc5+ 1-0

[Event "II liga SSCS 2015- zapad"]
[Site "Ravni Gaj"]
[Date "2015.10.09"]
[Round "8.5"]
[White "Matovic, Petar"]
[Black "Ilic, Zdravko"]
[Result "1/2-1/2"]
[WhiteElo "2165"]
[BlackElo "2131"]
[PlyCount "39"]
[EventDate "2015.09.04"]

1. d4 Nf6 2. Bf4 c5 3. d5 d6 4. c4 b5 5. cxb5 a6 6. bxa6 Bxa6 7. Nc3 g6 8. g3
Bg7 9. Bg2 Nbd7 10. Nf3 O-O 11. O-O Qa5 12. Re1 Rfc8 13. Rb1 Ng4 14. Qc2 Nb6
15. h3 Nf6 16. Nd2 c4 17. e4 Nfd7 18. Nf3 Nc5 19. e5 Nd3 20. Re2 1/2-1/2